000 00670nam a2200205 a 4500
001 000011966
005 20240412074229.0
008 091102s1996 dr 000 j spa d
040 _aDO-SdBNP
_bspa
_cBNPHU
082 _aRD863.44
_bZ35u
100 1 _aZapata, César Augusto,
_d1959 -
_972848
245 1 0 _aUn nuevo día ayer :
_bficciones /
_cCésar Augusto Zapata ; edición Enrique Guzmán.
260 _aSanto Domingo :
_bAlfa & Omega,
_c1996.
300 _a123 p. ;
_c21 cm.
650 0 _aCuentos dominicanos
_9176
650 0 _aLiteratura dominicana.
_967
700 1 _aGuzmán, Enrique,
_eed.
_928247
910 _aValidado. Control de calidad EMS
049 _aBNPD
999 _c11636
_d11636